| Tag |
First Indicator |
Second Indicator |
Subfields |
| LEADER |
00000cam a2200000Ia 4500 |
| 001 |
in00002460113 |
| 005 |
20151110064435.0 |
| 008 |
080627s2008 enk b 001 0 eng d |
| 020 |
|
|
|a 9780719078828
|
| 020 |
|
|
|a 0719078822
|
| 029 |
1 |
|
|a AU@
|b 000043657421
|
| 035 |
|
|
|a (OCoLC)ocn232981124
|
| 035 |
|
|
|a (OCoLC)232981124
|
| 040 |
|
|
|a BTCTA
|c BTCTA
|d BAKER
|d YDXCP
|d BWK
|d GUA
|d BWX
|d CDX
|d UtOrBLW
|
| 043 |
|
|
|a e------
|
| 049 |
|
|
|a TXAM
|
| 050 |
|
4 |
|a JZ6009.E85
|b W34 2008
|
| 082 |
0 |
4 |
|a 327.172094 22
|2 22
|
| 100 |
1 |
|
|a Wagnsson, Charlotte.
|
| 245 |
1 |
0 |
|a Security in a greater Europe :
|b the possibility of a pan-European approach /
|c Charlotte Wagnsson.
|
| 264 |
|
1 |
|a Manchester ;
|a New York :
|b Manchester University Press ;
|c 2008.
|
| 264 |
|
2 |
|a New York :
|b Distributed exclusively in the USA by Palgrave MacMillan,
|
| 300 |
|
|
|a 190 pages ;
|c 24 cm.
|
| 336 |
|
|
|a text
|b txt
|2 rdacontent
|
| 337 |
|
|
|a unmediated
|b n
|2 rdamedia
|
| 338 |
|
|
|a volume
|b nc
|2 rdacarrier
|
| 504 |
|
|
|a Includes bibliographical references (pages [176]-183]) and index.
|
| 650 |
|
0 |
|a Security, International
|z Europe.
|
| 938 |
|
|
|a Baker and Taylor
|b BTCP
|n BK0007852690
|
| 938 |
|
|
|a Baker & Taylor
|b BKTY
|c 84.95
|d 84.95
|i 0719078822
|n 0007852690
|s active
|
| 938 |
|
|
|a YBP Library Services
|b YANK
|n 100502022
|
| 938 |
|
|
|a Blackwell Book Service UK
|b BBUK
|n L6798607
|c 60.00
|
| 938 |
|
|
|a Blackwell Book Service
|b BBUS
|n R4757850
|c $84.95
|
| 938 |
|
|
|a Coutts Information Services
|b COUT
|n 8496451
|c 60.00 GBP
|
| 945 |
|
|
|a PromptCat
|b 624467
|
| 946 |
|
|
|a stk
|
| 947 |
|
|
|a A14837455631
|
| 994 |
|
|
|a 92
|b TXA
|
| 948 |
|
|
|a cataloged
|b h
|d 2009/2/18
|h c
|e asalazar
|f 2:01:04 pm
|
| 999 |
|
|
|a MARS
|
| 999 |
f |
f |
|s baae60dc-eae5-3f9c-bc83-04b8be5d8efd
|i 830df1c7-f656-3678-8191-542539c93f2c
|t 0
|
| 952 |
f |
f |
|p ric
|a Texas A&M University
|b Rellis Campus
|c Joint Library Facility
|d Remote Storage
|t 0
|e JZ6009.E85 W34 2008
|h Library of Congress classification
|i unmediated -- volume
|m A14837455631
|
| 998 |
f |
f |
|a JZ6009.E85 W34 2008
|t 0
|l Remote Storage
|